01155naa#a2200217#i#4500001001600000005001700016011001400033100004100047101000800088102000700096200032800103210008300431215001000514608004500524675011000569700006200679700006000741700005200801700006400853856002000917RU\\bibl\12546820260630080636.2##a2077-7566##a20260629b2026####ek#y0rusy0150####ca0#aRUS##aRU1#aОЦЕНКА ЭФФЕКТИВНОСТИ СТОМАТОЛОГИЧЕСКОЙ РЕАБИЛИТАЦИИ ДЕТЕЙ С ОРФАННЫМИ ЗАБОЛЕВАНИЯМИ С НАРУШЕНИЕМ ФОСФОРНО-КАЛЬЦИЕВОГО ОБМЕНА ПО КРИТЕРИЯМ КАЧЕСТВА ЖИЗНИeЖурнальная статья1#aЕкатеринбургcИздательский Дом «ТИРАЖ»d2026##a6 с.##aЖурнальная статья2local##aСтоматология. Заболевания ротовой полости и зубов. 616.31zRUS#1aАлексееваgИрина Александровна#1aКисельниковаgЛариса Петровна#1aКовылинаgОльга Сергеевна#1aЦымлянскаяgВиктория Викторовна4#adental-press.ru